Statistics for Pierce the Veil - Hold On Till May Lyrics

Click here to take the quiz!

General Stats

  • This quiz has been taken 179 times
  • The average score is 254 of 302

Answer Stats

Lyric% Correct
the
100%
I
98%
She
98%
she
98%
up
98%
we
98%
you
98%
You
98%
a
97%
1
96%
And
96%
and
96%
do
96%
on
96%
sun
96%
go
95%
me
95%
did
94%
love
94%
to
94%
be
93%
by
93%
down
92%
it
92%
It
92%
of
92%
so
92%
surrounded
92%
your
92%
One
91%
put
91%
for
90%
here
90%
million
90%
went
90%
crazy
89%
Dad
89%
everyone
89%
going
89%
loves
89%
Mom
89%
over
89%
sits
89%
where
89%
ended
88%
ground
88%
I'm
88%
out
88%
search
88%
This
88%
this
88%
Been
87%
been
87%
high
87%
I've
87%
long
87%
mine
87%
as
86%
body
86%
branches
86%
was
86%
2
85%
heard
85%
night
85%
sound
85%
3
84%
control
84%
screamed
84%
shake
84%
test
83%
can
82%
own
82%
with
82%
train
81%
said
80%
in
79%
don't
77%
If
77%
were
77%
windows
77%
again
75%
course
75%
you're
73%
Now
71%
now
71%
stay
71%
know
70%
I'll
69%
years
69%
feel
68%
like
67%
official
67%
ten
67%
that
67%
what
67%
guess
66%
it's
66%
same
66%
Big
65%
deal
65%
Darling
63%
I'd
63%
away
62%
Cause
62%
cause
62%
you'll
62%
you'd
61%
make
60%
past
60%
there
60%
thinking
60%
about
59%
just
59%
okay
59%
only
58%
beautiful
57%
all
56%
burned
56%
wasted
56%
band
55%
gets
55%
close
54%
once
54%
take
54%
tonight
54%
See
53%
We've
53%
anymore
52%
But
52%
can't
51%
door
51%
sometimes
49%
touring
49%
Yes
49%
not
46%
alright
44%
Everything's
42%
would
42%
rather
38%
Tell
36%
shades
33%
draw
28%

Score Distribution

Percentile by Number Answered

Percent of People with Each Score

Your Score History

You have not taken this quiz